000 00415nam a22001457a 4500
999 _c7579
_d7577
005 20210313144928.0
008 210313b ||||| |||| 00| 0 eng d
082 _a346.066
100 _aAIYAR,A.N.
_96466
245 _aREPORTS OF COMPANY CASES INCLUDING CASES OF BANKING AND INSURENCE [VOL-64]
260 _aMADRAS
_bCOMPANY LAW INSTITUE OF INDIA
_c1988
300 _aI-XXIII,P
650 _aLAW
_95701
942 _cJRL